Name all Mega-Evolutions Ever (Pictures) Quiz Stats

 Plays Quiz not verified by Sporcle

Also try: Survivor Locations
Challenge
Share
Tweet
Score 0/48 Timer 10:00
0 Plays Today
% Correct
Gengar
87%
Houndoom
87%
Beedrill
87%
Pidgeot
87%
Steelix
87%
Venusaur
82.6%
Alakazam
82.6%
Gyarados
82.6%
Ampharos
82.6%
Scizor
82.6%
Tyranitar
82.6%
Absol
82.6%
Abomasnow
82.6%
Sceptile
82.6%
Sharpedo
82.6%
Latias
82.6%
Rayquaza
82.6%
Lopunny
82.6%
Charizard X
78.3%
Charizard Y
78.3%
Kangaskhan
78.3%
Pinsir
78.3%
Aerodactyl
78.3%
Mewtwo X
78.3%
% Correct
Mewtwo Y
78.3%
Blaziken
78.3%
Gardevoir
78.3%
Medicham
78.3%
Garchomp
78.3%
Lucario
78.3%
Camerupt
78.3%
Latios
78.3%
Gallade
78.3%
Aggron
73.9%
Manectric
73.9%
Banette
73.9%
Swampert
73.9%
Altaria
73.9%
Glalie
73.9%
Salamence
73.9%
Metagross
73.9%
Blastoise
69.6%
Mawile
69.6%
Heracross
65.2%
Slowbro
65.2%
Diancie
65.2%
Sableye
60.9%
Audino
60.9%

You're not logged in!

Compare scores with friends on all Sporcle quizzes.
Join for Free
OR
Log In

You Might Also Like...

Show Comments

Extras

Created Jan 1, 2017ReportNominate
Tags:ever

Top Quizzes Today


Score Distribution

Your Account Isn't Verified!

In order to create a playlist on Sporcle, you need to verify the email address you used during registration. Go to your Sporcle Settings to finish the process.

Report this User

Report this user for behavior that violates our Community Guidelines.

Details: